LEADER 01022nam a2200241 4500 001 000000365649 003 CaOOAMICUS 005 20251215113926.0 008 251210s1977 it 000 u ita r 040 $aSeMil$bita 100 1 $aComte, Auguste,$d<1798-1857>.$0(OLS)http://semarc/name/518 245 10$aAntologia di scritti sociologici /$cAuguste Conte ; a cura di Franco Ferrarotti. 264 1$aBologna :$bIl Mulino,$c1977. 300 $a197 p. ;$c19 cm 490 1 $aIl pensiero moderno / Sociologia ;$v2 700 1 $aFerrarotti, Franco,$d<1926-2024>.$0(OLS)http://semarc/name/23 830 3$aIl pensiero moderno. Sociologia ;$v2.$0(OLS)http://semarc/title/457282 850 $aSeMil 852 $aSeMil$W1$xVenegono$y1$m2G I 30$j265410$B256469$CSeMilBibl$Z2$F256469 $81 961 $aBuzzi mons. Franco - Omaggio 996 $6245$aAntologia di scritti sociologici$9(OLS)http://semarc/title/457404 996 $6264$aBologna :$bIl Mulino$9(OLS)http://semarc/publisher/29842 LEADER 01170nam a2200277 i 4500 001 000000107797 003 CaOOAMICUS 005 20080211000000.0 008 080211s1997 it u000 u ita u 013 $a80289 020 $a88-7610-634-0 040 $aSeMil$bita 100 1 $aMoia, Luciano,$d<1958- >.$0(OLS)http://semarc/name/21964 245 10$aFederalisti di Dio? :$bincontri e scontri tra Chiesa e Lega /$cLuciano Moia. 260 $aMilano :$bĀncora,$ccopyr. 1997. 300 $a137 p. ;$c21 cm. 500 $aContiene : Bibliografia. 650 4$aChiesa e societā - Italia.$0(OLS)http://semarc/subject/18971 650 4$aFederalismo - Italia.$0(OLS)http://semarc/subject/18680 650 4$aLega Nord - Chiesa.$0(OLS)http://semarc/subject/18972 850 $aSeMil 852 $aSeMil$W1$xVenegono$y1$m3N III 574$j63893$B63893$CSeMilBibl$Z2$F133684 $81 961 $aOmaggio: Altro 996 $6020$a88-7610-634-0$9(OLS)http://semarc/number/88811 996 $6245$aFederalisti di Dio? :$bincontri e scontri tra Chiesa e Lega$9(OLS)http://semarc/title/156442 996 $6260$aMilano :$bĀncora$9(OLS)http://semarc/publisher/29763